00458nmm a2200157Ia 4500008004100000020001800041041000800059100002000067245003000087264008000117300001600197650001200213856005100225942000700276999001700283251105s9999||||xx |||||||||||||||||und|| a9788467157437 apor aWilliams, Cathy 0aDo escritório ao quarto a[Madrid, España] :bHarlequin, c[Fecha de publicación no identificada] a0 páginas aRomance uhttps://public.digitaliapublishing.com/a/95725 cCF c83454d83454